000 00699nam a22002057a 4500
003 BD-DhUL
005 20160904155534.0
008 160904b1991 bg ||||| |||| 00| 0 ben d
020 _a9844100860
040 _cBD-DhUL
082 _a954.92
_bABG
100 _4মুকসুদ, সৈয়দ আবুল
245 _aগণআন্দোলন ১৯৮২-৯০ /
_cসৈয়দ আবুল মুকসুদ
260 _aঢাকা :
_bমুক্তধারা,
_c১৯৯১
300 _a২০৪ পৃ. :
_c২১ সে.মি.
365 _atk
_b70.00
650 0 _aবাংলাদেশ-ইতিহাস
650 0 _aBangladesh-history
942 _2ddc
_cBK
999 _c103967
_d103967